La Conjuntura agrària : 1er. semestre de 1982 / Generalitat de Catalunya. Departament d'Agricultura, Ramaderia i Pesca 1er. semestre de 1982 / Generalitat de Catalunya. Departament d'Agricultura, Ramaderia i Pesca
Descripción Física:
68 p. ; 30 cm
Materias:
Agricultura -- Catalunya
MARC
| LEADER | 00000nam a2200000Ia 4500 | ||
|---|---|---|---|
| 001 | 1151 | ||
| 008 | 160829s1982 xx 000 0 cat d | ||
| 080 | |a C-1-5 | ||
| 245 | |a La Conjuntura agrària : |b 1er. semestre de 1982 / Generalitat de Catalunya. Departament d'Agricultura, Ramaderia i Pesca | ||
| 260 | |a Barcelona : |b Generalitat de Catalunya. Secretaria General Tècnica. Gabinet Tècnic, |c 1982 | ||
| 300 | |a 68 p. ; |c 30 cm | ||
| 650 | |a Agricultura |x Catalunya |9 22035 | ||
| 710 | 1 | |a Catalunya. |b Departament d'Agricultura, Ramaderia i Pesca |9 55595 | |
| 901 | |a Arxiu | ||
| 942 | |n 1 | ||
| 952 | |0 0 |1 0 |4 0 |6 C15 |7 1 |9 42016 |a Arxiu |b Arxiu |d 2016-12-01 |l 0 |o C-1-5 |p 1151 |r 2016-12-01 00:00:00 |w 2016-12-01 |y ARXIU | ||
| 999 | |c 44463 |d 44463 | ||